000 00716nam a2200265Ia 4500
003 OSt
005 20220924114747.0
006 a|||||r|||| 00| 0
007 ta
008 220923b |||||||| |||| 00| 0 ara d
020 _a9777349890
020 _c147.00
024 _a336037
037 _cTextual
040 _aARTS
_cARTS
_bara
041 _2ara
_aara
082 _aO28,1w1,D9, M1
100 _aFarraj Abd-Essatar Au.
_9175212
245 0 _aTabqat ashsho'ara libn-al-Mo'taz
260 _aCairo
_bDar-al-ma'arif Egypt
_c1981
300 _a603p.
_ccm.
650 _aARABIC POETRY
942 _hO28,1w1,D9, M1
_cTEXL
_2CC
999 _c395152
_d395152